000 01644nam a2200397 c 4500
003 BLK
005 20241014113740.0
008 180408b bul|||||r ||||||| ||bul||
010 _aKNG00078093000
020 _a9789548190831
040 _aBLK
041 _aBUL
_aRUS
_aSER
_cBUL
080 _aБългарски език
_b811.163.2
_x'373.7
_z811.163.2'373.7
080 _aСръбски език
_b811.163.41
_x'373.7
_z811.163.41'373.7
080 _aРуски език
_b811.161.1
_x'373.7
_z811.161.1'373.7
080 _aЛингвокултурология
_b81:008
_z81:008
100 1 _aНедкова, Емилия Димитрова
_eпърви автор
_9291383
139 _aНедкова, Емилия Димитрова
_bН 45
245 1 0 _aФразеологизмите като знаци в езика на културата
_bВърху материал от бълг., сръб. и рус. ез.
_cЕмилия Недкова.
257 _aBGR
260 _bЛени-Ан
_c2011
300 _a143 с.
_c24 см
380 _a80
500 _aБиблиогр. с 130-141.
650 4 _aБългарски език - фразеология - сравнителен анализ
_9259087
650 4 _aСръбски език
_9275216
650 4 _aРуски език - фразеология
_9296511
653 _aлингвокултурология
653 _aсравнително езикознание
852 _aЦб 253232
852 _bП
_c811.163.2/
856 4 _qpdf
856 4 _qpdf
942 _cKNG
_n0
_04
944 _aCR
_c17.10.2011
_lМинев Младен
_k30530
999 _c73698
_d73698